Statistics for Hollywood-inspired Nicknames Quiz

Click here to take the quiz!

General Stats

  • This quiz has been taken 14 times
  • The average score is 7 of 37

Answer Stats

HintAnswer% Correct
BollywoodMumbai
79%
NollywoodLagos, Nigeria
50%
KannywoodKanos, Nigeria
36%
DollywoodPigeon Forge, Tennessee, USA
36%
Hollywood NorthCanada
29%
ChinawoodChina
29%
RiverwoodKenya
29%
HallyuwoodSouth Korea
29%
SwahiliwoodTanzania
29%
Ugawood/WakaliwoodUganda
29%
ZollywoodZimbabwe
29%
Aussiewood/OziwoodAustralia
21%
PinewoodBuckinghamshire, England
21%
GhollywoodGhana
21%
GörliwoodGörlitz, Germany
21%
Chollywood/CholliwoodPeru
21%
Dhallywood or DhaliwoodDhaka
14%
EtyekwoodEtyek, Hungary
14%
HollyhammarHallstahammar, Sweden
14%
LollywoodLahore
14%
MollywoodMosgiel, New Zealand
14%
PollywoodPunjab or Peshawar
14%
TrollywoodTrollhättan, Sweden
14%
WellywoodWellington, New Zealand
14%
SomaliwoodColumbus, Ohio
7%
KariwoodKarachi
7%
SandalwoodKarnataka
7%
MollywoodKerala
7%
ValleywoodWales
7%
ChhollywoodChhattisgarh
0%
Dhollywood/GolliwoodGujarat
0%
JollywoodJharkhand
0%
Kollywood/KaliwoodKathmandu
0%
OllywoodOdisha
0%
PallywoodPalestine
0%
HillywoodRwanda
0%
TollywoodTollygunge or Telangana
0%

Score Distribution

Percentile by Number Answered

Percent of People with Each Score

Your Score History

You have not taken this quiz